000 00448 a2200133 4500
020 _a8171695884 (unknown binding)
020 _a9788171695881 (unknown binding)
090 _c4353
_d4353
245 0 0 _aFuture of human resource management.
260 _a[S.l.] :
_bCommonwealth Publishers,
_c1999.
300 _a1 v. (unpaged)
856 4 0 _3Amazon.com
_uhttp://www.amazon.com/exec/obidos/ASIN/8171695884/chopaconline-20
942 _aNBS
_cBK
_k658.3 BHA
999 _c346798
_d346798